Statystyki dla Losowa matematyka w 1 minutę

Kliknij tutaj aby rozwiązać quiz!

Ogólne statystyki

  • Ten quiz został rozwiązany 1 173 razy
  • Średni wynik to 12 z 15

Statystyki odpowiedzi

ProblemOdpowiedź% Poprawnych
11 - 110
100%
11 -101
100%
6 + 410
100%
11 - 110
100%
100 : 1010
100%
5 + 510
100%
100 : 1010
100%
98 + 2100
100%
131 - 30101
100%
98 + 3101
100%
6 + 98104
100%
98 + 7105
100%
30 - 1911
100%
37 - 2611
100%
8 +102110
100%
8 + 106114
100%
147 - 33114
100%
98 + 17115
100%
3 x 412
100%
6 + 612
100%
6 x 212
100%
98 + 22120
100%
6 + 713
100%
147 - 9138
100%
28 : 214
100%
43 - 2914
100%
3 x 515
100%
30 - 1515
100%
5 x 315
100%
8 x 216
100%
8 + 816
100%
15 + 150165
100%
11 + 718
100%
9 x 218
100%
30 - 1119
100%
8 + 1119
100%
204 - 12192
100%
147 + 47194
100%
3 - 12
100%
24 : 122
100%
6 : 32
100%
11 - 92
100%
100 : 520
100%
100 : 520
100%
120 : 620
100%
4 x 520
100%
9 + 1120
100%
17 + 320
100%
30 - 921
100%
98 - 7721
100%
3 x 721
100%
88 - 6721
100%
4 x 624
100%
6 x 424
100%
100 : 425
100%
131 - 10625
100%
131 + 121252
100%
5 + 2227
100%
4 x 728
100%
37 - 928
100%
43 - 1429
100%
11 - 83
100%
75 : 253
100%
99 : 333
100%
15 + 1530
100%
5 x 630
100%
3 x 1030
100%
3 x 10003000
100%
17 + 1431
100%
8 x 432
100%
14 + 1832
100%
3 x 1133
100%
5 x 735
100%
9 x 436
100%
12 x 336
100%
4 x 936
100%
33 + 437
100%
32 : 84
100%
80 : 204
100%
5 x 840
100%
8 x 540
100%
50 - 941
100%
88 - 4741
100%
48 - 642
100%
6 x 742
100%
50 - 743
100%
29 + 1443
100%
33 + 1043
100%
33 + 1144
100%
155 x 3465
100%
12 x 448
100%
11 - 65
100%
100 : 205
100%
100 : 205
100%
46 + 551
100%
88 - 3553
100%
6 x 954
100%
44 + 1155
100%
56 - 155
100%
5 x 111555
100%
98 - 3959
100%
30 : 56
100%
24 : 46
100%
11 - 56
100%
3 x 2060
100%
12 x 560
100%
32 x 264
100%
44 + 2266
100%
51 + 1566
100%
88 - 2167
100%
71 - 269
100%
28 : 47
100%
42 : 67
100%
20 -137
100%
5 + 27
100%
5 + 6671
100%
2 + 6971
100%
9 x 872
100%
2 + 7173
100%
37 + 3774
100%
11 x 777
100%
1 + 7778
100%
88 - 979
100%
80 : 108
100%
32 : 48
100%
64 : 88
100%
30 - 228
100%
48 : 68
100%
8 x 1080
100%
5 + 7883
100%
44 + 4488
100%
36 : 49
100%
30 - 219
100%
18 : 29
100%
11 - 29
100%
12 - 39
100%
3 x 3090
100%
9 x 100900
100%
5 + 8893
100%
3 x 3399
100%
1 + 9899
100%
98 + 199
100%
45 : 153
94%
15 x 10150
93%
6 + 511
92%
3 x 618
92%
13 + 720
92%
3 x 824
92%
33 + 538
92%
19 + 1938
92%
33 + 1245
92%
6 x 1060
92%
4 x 1664
92%
33 + 5588
92%
2 + 1315
91%
147 + 17164
91%
131 + 78209
91%
8 +1523
91%
100 : 254
91%
6 + 4854
91%
11 - 47
91%
48 : 68
91%
44 + 88132
90%
71 - 5318
90%
11 - 92
90%
12 x 224
90%
9 : 33
90%
131 - 10130
90%
5 x 945
90%
5 + 4146
90%
33 + 3366
90%
74 - 470
90%
98 + 5103
89%
24 : 212
89%
8 + 614
89%
5 x 420
89%
3 x 927
89%
33 + 336
89%
6 x 636
89%
32 : 84
89%
15 + 3348
89%
12 - 75
89%
50 - 446
89%
54 : 69
89%
9 x 1090
89%
1 + 910
88%
5 x 210
88%
147 - 47100
88%
8 + 412
88%
50 - 3812
88%
12 x 10120
88%
8 x 15120
88%
147 - 24123
88%
8 x 20160
88%
6 + 1117
88%
147 + 40187
88%
44 + 204248
88%
4 x 728
88%
6 x 530
88%
5 x 60300
88%
33 + 639
88%
24 : 64
88%
36 : 94
88%
33 + 841
88%
8 x 648
88%
6 x 954
88%
36 : 66
88%
78 - 474
88%
33 + 4477
88%
13 x 678
88%
9 x 981
88%
37 - 289
88%
6 + 39
88%
9 x 1199
88%
80 : 810
86%
77 + 29106
86%
98 + 9107
86%
15 + 92107
86%
98 + 10108
86%
99: 911
86%
33 + 77110
86%
44 + 99143
86%
51 - 3615
86%
29 - 1415
86%
147 + 22169
86%
28 : 142
86%
4 : 22
86%
15 x 15225
86%
88 - 6523
86%
2 + 2931
86%
50 - 1832
86%
99 : 333
86%
5 + 2934
86%
46 - 838
86%
78 - 744
86%
6 x 742
86%
9 x 545
86%
4 x 1248
86%
100 : 250
86%
66 - 1551
86%
27 + 2552
86%
131 - 7853
86%
8 x 756
86%
5 x 1365
86%
52 + 2577
86%
6 x 1378
86%
88 : 118
86%
32 : 48
86%
99 : 119
86%
3 x 39
86%
88 + 997
86%
5 + 97102
83%
88 : 811
83%
147 - 28119
83%
147 + 9156
83%
80 : 516
83%
80 : 420
83%
147 + 53200
83%
98 + 102200
83%
98 - 7028
83%
24 : 83
83%
15 x 230
83%
3 x 100300
83%
4 x 832
83%
100 : 254
83%
11 - 74
83%
131 - 9140
83%
5 x 1575
83%
44 + 3377
83%
4 x 2184
83%
47 + 4794
83%
131 - 3695
83%
131 - 3299
83%
44 + 5599
83%
98 + 6104
82%
98 - 8711
82%
98 + 36134
82%
88 - 6919
82%
52 - 2527
82%
8 x 13104
80%
98 + 8106
80%
120 : 1012
80%
8 + 513
80%
15 x 9135
80%
147 - 11136
80%
147 - 7140
80%
6 + 138144
80%
8 + 715
80%
147 + 35182
80%
100 : 502
80%
64 : 322
80%
18 : 92
80%
1 + 2223
80%
6 + 2834
80%
6 x 636
80%
5 + 3136
80%
15 x 345
80%
51 - 546
80%
88 - 4147
80%
30 : 65
80%
36 + 1551
80%
8 x 864
80%
2 x 3264
80%
88 - 1969
80%
131 - 5675
80%
8 + 6775
80%
131 - 4685
80%
88 - 799
80%
8 + 311
78%
32 x 4128
78%
131 + 44175
78%
73 - 5518
78%
9 x 2001800
78%
50 - 2129
78%
50 - 1931
78%
33 + 740
78%
51 - 465
78%
3 x 26
78%
26 x 378
78%
9 + 7988
78%
33 + 6699
78%
28 : 74
77%
30 : 310
75%
134 - 34100
75%
15 + 88103
75%
8 x 14112
75%
56 + 65121
75%
44 + 77121
75%
5 + 126131
75%
55 x 3165
75%
30 - 1317
75%
12 + 719
75%
654 - 456198
75%
6 - 42
75%
98 + 122220
75%
8 x 324
75%
9 x 327
75%
106 - 7729
75%
18 : 63
75%
8 + 2230
75%
50 - 1733
75%
147 - 9948
75%
75 : 155
75%
77 - 2552
75%
784 - 195589
75%
48 : 86
75%
54 : 96
75%
9 x 763
75%
198 + 456654
75%
25 + 5277
75%
4 x 2080
75%
12 x 784
75%
23 + 6588
75%
8 x 1188
75%
77 - 5225
73%
64 : 164
73%
50 - 842
73%
120 : 206
73%
15 x 690
73%
120 : 1210
71%
44 + 66110
71%
98 + 12110
71%
98 + 14112
71%
16 x 8128
71%
8 x 16128
71%
64 + 79143
71%
37 - 1126
71%
1 + 2930
71%
26 + 1137
71%
106 - 6739
71%
120 : 245
71%
48 : 86
71%
16 x 464
71%
67 + 2188
71%
8 x 1296
71%
147 - 22125
70%
64 + 64128
70%
78 : 613
70%
120 : 815
70%
100 : 425
70%
98 - 3365
70%
131 - 11615
69%
98 + 4102
67%
15 x 7105
67%
30 - 1713
67%
6 x 318
67%
147 + 99246
67%
30 : 103
67%
50 - 644
67%
6 x 848
67%
100 : 250
67%
9 x 654
67%
42 : 76
67%
18 + 5371
67%
12 x 672
67%
159 - 8574
67%
98 - 2276
67%
11 - 38
67%
98 - 1484
67%
53 + 3588
67%
98 - 791
67%
8 x 21168
64%
147 - 5394
64%
39 + 67106
63%
258 - 117141
63%
8 + 1220
63%
33 + 942
63%
73 - 1855
63%
15 x 460
63%
98 - 3761
63%
4 + 7478
63%
195 + 589784
63%
784 - 589195
62%
12 x 9108
60%
258 - 141117
60%
6 + 814
60%
44 + 104148
60%
66 - 5115
60%
141 + 47188
60%
12 + 192204
60%
147 + 66213
60%
30 - 822
60%
131 + 98229
60%
78 : 326
60%
88 - 5335
60%
51 - 1536
60%
3 x 150450
60%
150 x 3450
60%
78 : 136
60%
154 : 227
60%
106 - 2977
60%
3 x 2678
60%
24 : 38
60%
128 : 168
60%
147 - 26121
57%
75 : 515
57%
64 : 232
57%
71 - 1853
57%
88 - 2365
57%
147 + 147294
56%
131 - 8645
56%
6 x 848
56%
98 - 3563
56%
15 x 8120
55%
52 - 2725
55%
8 + 96104
50%
12 x 12144
50%
98 + 53151
50%
7 x 22154
50%
8 + 917
50%
15 x 13195
50%
65 x 3195
50%
44 + 177221
50%
75 : 325
50%
33 + 258291
50%
78 : 263
50%
131 - 9635
50%
128 : 324
50%
5 x 80400
50%
3 x 1545
50%
131 - 1265
50%
131 - 6665
50%
18 + 5573
50%
15 + 6277
50%
98 + 253351
47%
589 + 195784
45%
12 x 11132
44%
120 : 158
44%
64 :416
43%
6 : 23
43%
80 : 165
43%
159 - 7485
43%
12 x 896
43%
74 + 86160
40%
44 + 166210
40%
120 : 524
40%
8 x 972
40%
15 x 575
40%
15 x 12180
38%
5 x 175875
38%
8 + 104112
33%
6 + 915
33%
15 x 11165
33%
3 x 65195
33%
15 x 14210
33%
141 + 117258
33%
128 : 432
29%
131 - 7655
29%
85 + 74159
25%
27 - 126
25%
6 + 3844
25%
654 - 198456
25%
106 - 3967
25%
147 - 7473
22%
128 : 816
20%
456 + 198654
20%
12 x 1121 344
17%
45 x 452 025
0%
154 : 222
0%
8 + 5866
0%

Rozkład punktacji

Percentyl według liczby udzielonych odpowiedzi

Procent ludzi z każdym wynikiem

Twoja historia wyników

Nie rozwiązałeś tego quizu